000 01077nam a2200325 i 4500
001 000004022
003 DO-SdBNP
005 20260513141523.0
007 ta
008 090716s2008 dr r 000 f spa d
020 _a9789945120714
040 _aDO-SdBNP
_bspa
_cBNPHU
_erda
041 _aspa
082 4 _a863.5
_bC112c
_222
100 _aCabanes Vicedo, Santiago,
_d1931-
_eautor
_4aut.
_912027
245 1 0 _aCaminos de amistad /
_cSantiago Cabanes Vicedo ; prólogo, Héctor Rodríguez.
250 _aprimera edición
264 4 _aSanto Domingo :
_beditor no identificado,
_c©2008.
300 _a358 páginas ;
_c22 cm.
336 _atexto
_btxt
_2rdacontent
337 _asin mediación
_bn
_2rdamedia
338 _avolumen
_bnc
_2rdacarrier
590 _aLa biblioteca posee 3 ejemplares autografiados por el autor.
590 _aInventariado, 2018/BT
650 4 _aNovela española
_91123
650 4 _aLiteratura dominicana.
_967
700 1 _aRodríguez, Héctor,
_eprologuista
_4pr.
_912028
910 _aValidado. Control de calidad. EMS
942 _2ddc
_cLBS1
999 _c3841
_d3841